Napoli skład 20/21 - Statystyki

Ogólne statystyki
  • Ten quiz został rozwiązany 76 razy
  • Średni wynik to 13 z 22
Statystyki odpowiedzi
Pozycja Zawodnik % Poprawnych
Pomocnik Zielinski
95%
Obrońca Koulibaly
88%
Napastnik Mertens
88%
Napastnik Insigne
86%
Bramkarz Ospina
81%
Bramkarz Meret
79%
Obrońca Rui
75%
Obrońca Di Lorenzo
68%
Napastnik Lozano
63%
Obrońca Manolas
61%
Pomocnik Lobotka
58%
Napastnik Politano
54%
Pomocnik Ruiz
51%
Napastnik Osimhen
49%
Obrońca Ghoulam
47%
Obrońca Hysaj
44%
Pomocnik Demme
42%
Pomocnik Elmas
40%
Napastnik Petagna
35%
Pomocnik Bakayoko
33%
Obrońca Maksimovic
32%
Obrońca Rrahmani
32%
Nie znaleziono quizów pasujących do podanych kryteriów
Rozkład punktacji
Procent ludzi z każdym wynikiem
Percentyl według liczby udzielonych odpowiedzi
Twoja historia wyników
Nie rozwiązałeś tego quizu